| 000 | 00918nam a2200265 a 4500 | ||
|---|---|---|---|
| 001 | 9994 | ||
| 003 | CO-ViMGA | ||
| 008 | 141112s2004 ck r 000 u spa d | ||
| 020 | _a8481852066 | ||
| 040 |
_aCO-ViMGA _bspa _cCO-ViMGA |
||
| 082 | 0 | 4 | _aR698.3 A816 V.2 |
| 100 | 1 |
_aAsencio Cerver, Francisco _93403 |
|
| 245 | 1 | 0 |
_aPintura de Muebles : _bTratamiento de Madera |
| 260 |
_aBarelona : _bCopyright, _c1990 |
||
| 300 | _a119p. : il. color | ||
| 500 | _aSolución a problemas de la madera. | ||
| 650 | 1 | 4 |
_aALGUNAS NOCIONES SOBRE LOS INSECTOS DE LA MADERA _912368 |
| 650 | 1 | 4 |
_aCOMO ELIMINAR LA PUNTURA ANTERIOR _912369 |
| 650 | 1 | 4 |
_aCUBRIENTES Y COLORANTES _912370 |
| 650 | 1 | 4 |
_aDESPERFECTOS EN EL SOPORTE _912371 |
| 650 | 1 | 4 |
_aHERRAMIENTAS Y UTILES DE TRABAJO _912372 |
| 650 | 1 | 4 |
_aTECNICAS CON EFECTO DE MADERA _912373 |
| 650 | 1 | 4 |
_aTECNICAS PARA DISIMULAR DEFECTOS SUPERFICIALES _912374 |
| 942 |
_2ddc _cBK |
||
| 999 |
_c21371 _d21371 |
||